000 01134nam2a2200253 4500
001 rc\2886282
005 20110721181121.3
035 _a(NLR Aleph) 007038845
090 _a13586930
_c13586930
100 _a20110721d1931 |||y0rusy50 ca
101 0 _arus
102 _aRU
105 _aa z |||||
200 1 _aЛетний ремонт пути
_fПерер. по прежним инструкциям руководителей Группы ... пути Отд. пути Дирекции Моск.-Каз. ж.-д. Б.Ф. Шанько и консультантом Отд. рационализации Дирекции Моск.-Каз. ж. д. М.Г. Потаповым
210 _d[1931]
215 _a174 с., 1 вкл. л. табл.
_cил., табл.
461 0 _1001rc\2886281
_12001#$aНаставление к производству работ по ремонту пути ...$eОт 23 дек. 1931 г.$vЧ. 2
702 1 _aШанько
_bБ. Ф.
_4570
702 1 _aПотапов
_bМ. Г.
_4570
801 0 _aRU
_bNLR
_gpsbo
801 1 _aRU
_bELAR
_2rusmarc
852 _aNLR
_j32-17/288(2)
942 _cBOOK
980 _aNB